| 000 | 00426nam a2200169Ia 4500 | ||
|---|---|---|---|
| 008 | 130318s9999 xx 000 0 und d | ||
| 020 | _a9788120340077 | ||
| 082 | _a005.12028 COR/I | ||
| 100 | _aCormen, Thomas H | ||
| 245 | _aIntroduction to algorithms | ||
| 250 | _a3 | ||
| 260 |
_bPHI Learning _aNew Delhi _c2009 |
||
| 300 | _a1292 | ||
| 650 | _aALGORITHMS | ||
| 700 | _aLeiserson, Charles E | ||
| 700 | _aRivest, Ronald L | ||
| 999 |
_c1664 _d1664 |
||